| 000 | 01379nam2a2200301 4500 | ||
|---|---|---|---|
| 001 | RU\NLR\bibl\32695 | ||
| 005 | 20250615023055.0 | ||
| 010 | _a5-87517-022-0 | ||
| 035 | _a(NLR Aleph) 000031864 | ||
| 090 |
_a160168 _c160168 |
||
| 100 | _a19990610d1998 |||y0rusy50 ca | ||
| 101 | 0 | _arus | |
| 102 | _aRU | ||
| 105 | _ay ||||||||| | ||
| 200 | 1 |
_aЮго-Западный сектор _iУусикиркко (Поляны) _fЕ. А. Балашов |
|
| 210 |
_d1998 _aБ. м. |
||
| 215 |
_a199 с. _cил., портр., карт., факс. |
||
| 316 |
_aС автогр. авт. _5NLR: 99-3/1782 |
||
| 320 | _aБиблиогр.: с. 195 и в тексте | ||
| 461 | 0 |
_1001RU\NLR\bibl\23194 _12001#$aКарельский перешеек$eземля неизведанная$e[сборник историко-краеведческих очерков]$vЧ. 2 _9105689 _aБалашов, Е. А. (1957-) _cСПб. _d1998 _fЕ. А. Балашов _iЮго-Западный сектор _nНовое время _oЗемля неизведанная _tКарельский перешеек _vЧ. 2 |
|
| 701 | 1 |
_aБалашов _bЕ. А. _f1957- _gЕвгений Александрович |
|
| 801 | 0 |
_aRU _bNLR _c19990610 _gPSBO |
|
| 801 | 1 |
_aRU _bNLR _c19990610 |
|
| 852 |
_aNLR _j99-3/1782 |
||
| 942 | _cBOOK | ||
| 980 | _aNB | ||